[Event "Open Ricany 2011"]
[Site "http://www.openricany.cz"]
[Date "2011.08.27"]
[Round "9.1"]
[White "Sodoma, Jan"]
[Black "Vojta, Tomas"]
[Result "1-0"]
[WhiteElo "2365"]
[BlackElo "2368"]

1. d4 d5 2. c4 Nc6 3. Nf3 Bg4 4. cxd5 Bxf3 5. gxf3 Qxd5 6. e3 e5 7. Nc3 Bb4
8. Bd2 Bxc3 9. bxc3 Qd6 10. Rb1 O-O-O 11. Bg2 f5 12. f4 exf4 13. Qb3 b6 14. Qb5
Nge7 15. O-O Kb8 16. Kh1 g5 17. exf4 gxf4 18. Qe2 Ng6 19. Qd3 Kb7 20. Qh3 Qf6
21. Rb5 Rhf8 22. a4 Nh4 23. Bxf4 Nxg2 24. Qxg2 a6 25. Re5 Rg8 26. Qf3 Kb8
27. Rxf5 Qe6 28. d5 Nd4 29. cxd4 Qd7 30. Rb1 Ka7 31. Bg3 Rg7 32. d6 cxd6 33. a5
b5 34. Rc1 h5 35. d5 Re8 36. Rf6 h4 37. Bxh4 Qc8 38. Rf7+ Ka8 1-0

[Event "Open Ricany 2011"]
[Site "http://www.openricany.cz"]
[Date "2011.08.27"]
[Round "9.18"]
[White "Janicek, Jindrich"]
[Black "Lexa, Vaclav"]
[Result "1/2-1/2"]
[WhiteElo "2077"]
[BlackElo "1917"]

1. Nf3 Nf6 2. c4 e6 3. Nc3 d5 4. d4 c6 5. e3 Nbd7 6. Qc2 Bd6 7. e4 dxe4 8. Nxe4
Nxe4 9. Qxe4 Qa5+ 10. Bd2 Bb4 11. a3 Bxd2+ 12. Nxd2 Nf6 13. Qe3 O-O 14. Be2 Re8
15. f4 Bd7 16. g4 Kh8 17. g5 Ng8 18. b4 Qc7 19. Bd3 Ne7 20. Nf3 Nf5 21. Qe5 Qd8
22. O-O c5 23. bxc5 f6 24. Qe4 Qc7 25. Rab1 b6 26. cxb6 axb6 27. Rb3 Bc6 28. d5
Bd7 29. Bb1 Rad8 30. Qc2 Qxf4 31. Rxb6 fxg5 32. Qe4 Qe3+ 33. Qxe3 Nxe3 34. Nxg5
Rf8 35. Rxf8+ Rxf8 36. Bd3 exd5 37. Nxh7 Nxc4 38. Bxc4 Kxh7 39. Bxd5 Rc8
40. Be4+ Kg8 41. Bg6 Kf8 42. Ra6 Rc4 43. Kf2 Ke7 44. Kg3 Rg4+ 45. Kf2 Rh4
46. Kg3 1/2-1/2

[Event "Open Ricany 2011"]
[Site "http://www.openricany.cz"]
[Date "2011.08.27"]
[Round "9.6"]
[White "Klement, Lukas"]
[Black "Pospisil, Martin"]
[Result "1-0"]
[WhiteElo "2234"]
[BlackElo "2035"]

1. Nf3 d5 2. g3 Nf6 3. Bg2 e6 4. O-O Be7 5. d3 O-O 6. Nbd2 b6 7. c4 Bb7 8. cxd5
Nxd5 9. a3 c5 10. Nc4 Nd7 11. Bd2 Rc8 12. e4 Nc7 13. a4 Nb8 14. Bc3 Nc6 15. Nfe5
Nxe5 16. Bxe5 Ne8 17. f4 Bf6 18. Bc3 Bxc3 19. bxc3 Nd6 20. Nxd6 Qxd6 21. e5 Qc7
22. Bxb7 Qxb7 23. Qf3 Qc7 24. Rab1 Rb8 25. Qe4 Qd7 26. Qc4 h6 27. Rf3 Rfd8
28. Kf2 Rb7 29. Ke3 Kh8 30. h4 Kg8 31. g4 Qd5 32. Qxd5 Rxd5 33. Rf2 Rd8 34. c4
Kf8 35. Rfb2 Ke7 36. a5 Rdb8 37. Ke4 Kd7 38. axb6 Rxb6 39. Rxb6 Rxb6 40. Ra1 a6
41. Ra5 Kc6 42. h5 Rb1 43. Rxa6+ Kb7 44. Ra5 Re1+ 45. Kf3 Rf1+ 46. Ke3 Kb6
47. Ra8 Re1+ 48. Kf2 Rd1 49. Rd8 Kc6 50. Ke2 Rg1 51. Rf8 Rxg4 52. Rxf7 Rh4
53. Kf3 Rxh5 54. Rxg7 Rh3+ 55. Ke4 Rh1 56. Re7 Re1+ 57. Kf3 Rf1+ 58. Ke3 1-0

[Event "Open Ricany 2011"]
[Site "http://www.openricany.cz"]
[Date "2011.08.27"]
[Round "9.5"]
[White "Gregor, Jiri"]
[Black "Liuba, Volodymyr"]
[Result "1-0"]
[WhiteElo "2262"]
[BlackElo "2116"]

1. d4 Nf6 2. c4 c5 3. d5 b5 4. Nf3 g6 5. cxb5 a6 6. b6 d6 7. a4 Qxb6 8. a5 Qb7
9. Nc3 Bg7 10. h3 O-O 11. e3 Bf5 12. Ra4 Bd7 13. Ra3 Rd8 14. Bc4 e6 15. O-O exd5
16. Nxd5 Nxd5 17. Bxd5 Bc6 18. Rb3 Qd7 19. Rb6 Ra7 20. Ng5 Bxd5 21. Qxd5 Qf5
22. Rd1 Qxd5 23. Rxd5 Bf8 24. b4 Nd7 25. Rc6 Be7 26. Bb2 Nb8 27. Rb6 Nd7
28. bxc5 Nxb6 29. cxb6 Rad7 30. Ne4 f5 31. Nd2 Kf7 32. f3 Ke6 33. e4 Bg5 34. Nb3
Be3+ 35. Kf1 Rc8 36. Ke2 fxe4 37. fxe4 Bg1 38. Kd3 Rf7 39. Ba3 Rd7 40. Nd2 Bc5
41. Bb2 Rf8 42. Nf3 h6 43. h4 Rdf7 44. Bd4 Bb4 45. Be3 Bc5 46. Bxc5 dxc5
47. Rxc5 Rd8+ 48. Ke3 Rfd7 49. Rc6+ Rd6 50. Rc3 Rd1 51. Rc5 R1d3+ 52. Ke2 Ra3
53. Rc6+ Rd6 54. Nd4+ Ke5 55. b7 Ra2+ 56. Rc2 Rxc2+ 57. Nxc2 Rd8 58. Nb4 1-0

[Event "Open Ricany 2011"]
[Site "http://www.openricany.cz"]
[Date "2011.08.27"]
[Round "9.46"]
[White "Rezac, Jindrich"]
[Black "Rihova, Kamila"]
[Result "0-1"]
[WhiteElo "1862"]
[BlackElo "1631"]
[PlyCount "86"]
[EventDate "2011.??.??"]

1. e4 e6 2. d4 d5 3. exd5 exd5 4. Bd3 Bd6 5. Ne2 c6 6. c3 Ne7 7. O-O O-O 8. Bf4
Bf5 9. Qc2 Bxd3 10. Qxd3 Ng6 11. Bxd6 Qxd6 12. Ng3 Re8 13. Nd2 Nd7 14. Rfe1 Nf6
15. Nf3 a5 16. a4 Qf4 17. Qf5 Qxf5 18. Nxf5 Ne4 19. Ng3 Re7 20. Nxe4 dxe4 21.
Nd2 f5 22. g3 h5 23. h4 b6 24. Nc4 Rb8 25. f3 exf3 26. Rxe7 Nxe7 27. Kf2 Nd5
28. Kxf3 Rf8 29. Re1 f4 30. g4 hxg4+ 31. Kxg4 Rf6 32. Ne5 Ne3+ 33. Kf3 Nd5 34.
Rg1 Kh7 35. Rg4 b5 36. axb5 cxb5 37. Nd3 Rf5 38. Nxf4 Nf6 39. Rg5 Rxg5 40. hxg5
Nd7 41. Ke4 Kg8 42. Kd5 b4 43. cxb4 axb4 0-1